Real estate transactions : Cases and materials
Uloženo v:
| Hlavní autor: | |
|---|---|
| Médium: | Kniha |
| Jazyk: | Undetermined |
| Vydáno: |
Westbury, New York
The Foundation Press
1988
|
| Témata: | |
| Tagy: |
Přidat tag
Žádné tagy, Buďte první, kdo otaguje tento záznam!
|
| Thư viện lưu trữ: | Trung tâm Học liệu Trường Đại học Cần Thơ |
|---|
| LEADER | 00574nam a2200205Ia 4500 | ||
|---|---|---|---|
| 001 | CTU_43104 | ||
| 008 | 210402s9999 xx 000 0 und d | ||
| 082 | |a 346.0437 | ||
| 082 | |b G624 | ||
| 100 | |a Goldstein, Paul | ||
| 245 | 0 | |a Real estate transactions : | |
| 245 | 0 | |b Cases and materials | |
| 245 | 0 | |c Paul Goldstein | |
| 260 | |a Westbury, New York | ||
| 260 | |b The Foundation Press | ||
| 260 | |c 1988 | ||
| 650 | |a Real estate business | ||
| 650 | |x Law and legislation | ||
| 904 | |i Minh, Giang sửa | ||
| 980 | |a Trung tâm Học liệu Trường Đại học Cần Thơ | ||